|
|
|
|
| LEADER |
00000nab a2200000 a 4500 |
| 001 |
vtls000476623 |
| 003 |
SK-MaSNL |
| 005 |
20260303200548.0 |
| 008 |
230120c1993 xo 0 slo |
| 015 |
|
|
|a SNBRB19rr/mm-uuuuu
|
| 035 |
|
|
|a CL0476757
|
| 035 |
|
|
|a urn:nbn:sk:snk-abdojr
|
| 035 |
|
|
|a (urnnbn)urn:nbn:sk:snk:ar-0013ak
|
| 035 |
|
|
|a (uuid)5b3e04bd-a4da-4a3e-968e-1f846ea25b08
|
| 040 |
|
|
|a SNKBUCL
|b slo
|c SNKBUCL
|e AACR2
|
| 041 |
0 |
|
|a slo
|
| 044 |
|
|
|a xo
|c SK
|
| 080 |
|
|
|a 792.091.4:792.7/.8
|2 1981
|
| 080 |
|
|
|a 792.7/.8
|2 1981
|
| 100 |
1 |
|
|a Panovová, Oľga,
|d 1953-
|4 aut
|9 202950
|
| 245 |
1 |
0 |
|a Sen Marcela Marceana po 20 rokoch - skutočnsťou
|b 1. Medzinárodný festival neverbálneho divadla venovaný J. G. Deburaua
|c Oľga Panovová
|
| 300 |
|
|
|b Fotogr. 1, obr. 1
|
| 650 |
0 |
7 |
|a neverbálne divadlo
|2 snkbucl
|9 1230807
|
| 650 |
0 |
7 |
|a Gašparov kolínsky memoriál-mimoriál 1992 (festival divadelný medzinár.)
|2 snkbucl
|9 1230814
|
| 655 |
|
7 |
|a články z novín a časopisov
|2 snkbucl
|9 267496
|
| 700 |
1 |
|
|a Deburau, J. G.
|4 aut
|9 1230815
|
| 773 |
0 |
|
|t Javisko
|g Roč. 25, č. 1 (1993), s. 12-13
|
| 850 |
|
|
|a Slovenská národná knižnica v Martine
|a MTA001
|
| 852 |
|
|
|a SNK
|b KIS3GCP
|
| 954 |
|
|
|a odborná, vedecká literatúra pôvodná (slovenská)
|2 lita
|
| 958 |
|
|
|a OND
|
| 958 |
|
|
|a RK
|
| 958 |
|
|
|a CZ
|
| 958 |
|
|
|a EUIPO
|
| 958 |
|
|
|a article19
|
| 992 |
|
|
|a RBX
|
| 999 |
|
|
|c 2168616
|d 2170546
|